000 00233 a2200097 4500
001 45399
100 _aGlendinning E
245 _aEnglish in mechanical engineering
260 _aOxford
_bOxford university
_c
090 _c28563
_d28563
942 _aNUST-CAE
_cM
_c20628
999 _c280472
_d280472